Countries with Only One Vowel - Statistics

General Stats
  • This quiz has been taken 1,449 times
    1,447 since last reset
  • The average score is 12 of 24
Answer Stats
Vowel # Country % Correct
A 3 Canada
74%
I 2 Fiji
72%
A 1 Chad
71%
A 2 Japan
71%
O 2 Togo
69%
A 3 Panama
63%
E 2 Yemen
62%
E 2 Greece
60%
O 3 Morocco
59%
E 2 Sweden
58%
E 1 Egypt
51%
O 3 Kosovo
50%
A 4 Madagascar
50%
A 2 Ghana
46%
A 2 Qatar
46%
A 3 Bahamas
44%
A 2 Malta
43%
O 3 Comoros
41%
A 3 Kazakhstan
38%
A 2 Rwanda
34%
U 1 Cyprus
27%
A 1 Kyrgyzstan
25%
E 3 Seychelles
24%
A 2 Myanmar
20%
No matching quizzes found
Score Distribution
Percent of People with Each Score
Percentile by Number Answered
Your Score History
You have not taken this quiz since the last reset